Sanat - "Kun joulu on" - Statistics

Yleistilastot
  • Tätä visaa on pelattu 39 kertaa
  • Keskiarvotulos 64 / 91
Vastaustilastot
Vastaus % Oikein
joulu
100%
joulu
100%
joulu
100%
joulu
100%
joulu
100%
joulu
100%
Kun
100%
kun
100%
kun
100%
kun
100%
kun
100%
kun
100%
kun
100%
kun
100%
on
100%
on
100%
on
100%
on
100%
on
100%
on
100%
On
100%
on
100%
on
100%
on
100%
ja
90%
ja
90%
ja
90%
ja
90%
ja
90%
ja
90%
ja
90%
saa
90%
auringon
86%
hän
86%
jäässä
86%
järvet
86%
hanki
81%
maas
81%
sammunut
76%
silmä
76%
talvisäässä
76%
Ei
71%
ei
71%
lämmin
71%
matkan
71%
päässä
71%
pitkän
71%
antaa
67%
henkäys
67%
käy
67%
kyllä
67%
kystä
67%
lahjat
67%
lahjat
67%
äiti
62%
autio
62%
laittanut
62%
metsä
62%
hellä
57%
lasten
57%
laulu
57%
mieli
57%
murhetta
57%
pääsky
57%
pakkaset
57%
huolta
52%
kenkään
52%
lauluton
52%
suista
52%
kaikuvi
48%
muista
48%
silmät
48%
tuikeat
48%
vain
48%
yllä
48%
kristityllä
43%
riemusta
43%
seimi
43%
siks
43%
tähti
43%
vaan
43%
ne
38%
liekit
33%
loistavat
33%
hehkuvat
29%
kangastaa
29%
pahnat
29%
tunnu
29%
joulupuista
24%
kalleina
24%
silmiin
24%
Ehtoja vastaavia visoja ei löytynyt
Tulosjakauma
Jokaisen tuloksen saaneiden osuus
Persentiili vastausten määrän mukaan
Tuloshistoriasi
Et ole pelannut tätä visaa